000 01098nam a2200265 i 4500
001 bg
003 KOSZ 005
005 20221213105206.0
008 080213s1967 pl a f f 000 0 pol
015 _aPB 1967/6999
040 _aWA N
_cKOSZ 005/RW
_dKOSZ 005/RW
080 _a69(075):657(075)
100 1 _aKotyński, Stanisław
_eAutor
245 1 0 _aKosztorysowanie w budownictwie /
_cStanisław Kotyński.
250 _aWyd. 5 popr. i zaktualiz.
260 _aWarszawa :
_bPaństwowe Wydawnictwo Szkolnictwa Zawodowego,
_c1967.
300 _a277, [1] s., [2] k. tabl. :
_bil. ;
_c23 cm.
380 _aKsiążki.
521 8 _aZatwierdz. przez Min. Ośw. dla kl. 3 techników budowlanych. - Również dla osób zajmujących się normami, płacami i kosztami w budownictwie.
650 4 _aBudownictwo
_xkoszty.
655 4 _aPodręczniki dla szkół zawodowych
710 2 _aPaństwowe Wydawnictwo Szkolnictwa Zawodowego
_4pbl.
856 _uhttp://koha.tu.koszalin.pl/cgi-bin/koha/opac-detail.pl?biblionumber=11420
_yKatalog online BPK
942 _2UKD
_cKS
999 _c11420
_d11420